000 00939naa a2200241 4500
005 20110810145620.0
008 110810t xxu||||| |||| 00| 0 eng d
010 _aENG-103354
020 _c190.00
_a9789350249017
035 _aEN-86887
037 _bDBAD/PUB
040 _aDPL
_bEng
082 _a230.1
100 _932587
_aKhandelwal,N.M.
245 1 _aManagerial lessons from Ramcaritmanas /
_cby N.M. Khandelwal
260 _aMumbai
_bHimalaya Publishing House
_c2011
270 _a" Ramdoot", Dr Bhalerao Marg,Girgaon,
_bMumbai
_e400004
_k022-23860170
_l022-23877178
300 _a201p.
_c22cm (pbk)
700 _932860
942 _adpl
_cEN
_2ddc
_mKHA
_h230.1
999 _c55550
_d55550